Психологія та психосоціальні інтервенції (Запис № 571081)
[ простий вигляд ]
| 000 -Лідер | |
|---|---|
| fixed length control field | 00920 a2200229 4500 |
| 003 - Ідентифікатор контрольного номера | |
| control field | UA-OsUOA |
| 005 - Дата та час останнього входження (трансакції) | |
| control field | 20220419111120.0 |
| 008 - Елементи даних фіксованої довжини – загальна інформація | |
| fixed length control field | 210803b un ||||| |||| 00| 0 ukr d |
| 040 ## - Джерело каталогізації | |
| Агенція оригінальної каталогізації | UA-OsUOA |
| Мова каталогізації | ukr |
| Агенція, яка здійснювала перезапис | UA-OsUOA |
| Агенція, яка здійснювала модифікацію | UA-OsUOA |
| 041 ## - Код мови | |
| Код мови тексту/ звукової доріжки чи окремого заголовка (П) | ukr |
| 080 ## - Індекс Універсальної десяткової класифікації | |
| Індекс Універсальної десяткової класифікації (УДК) (НП) | 159.9(082) |
| 090 ## - Локальний шифр розміщення | |
| Класифікаційний індекс УДК | 159.9(082) |
| Авторський знак (НП) | П86 |
| 110 ## - Наймення організації – загальна інформація | |
| Найменування колективу або юрисдикції як початковий елемент введення | Національний університет "Києво-Могилянська академія" |
| 245 ## - Відомості про назву | |
| Назва (НП) | Психологія та психосоціальні інтервенції |
| Решта назви (НП) | науковий журнал |
| Дані про відповідальність (НП) | гол. ред. В. Чорнобровкін |
| 260 ## - Публікація, розповсюдження і т.п. (Вихідні дані) | |
| Місце публікації, розповсюдження і т.п. (П) | К. |
| Ім’я/ наймення видавництва, розповсюджувача і т.п. (П) | НАУКМА |
| Дата публікації, розповсюдження і т.п. (П) | 2020 |
| 300 ## - Фізичний опис | |
| Обсяг | 78 с. |
| 650 ## - Додаткове предметне введення – тематичний термін | |
| Джерело заголовка чи терміна | UDC |
| Тематичний термін чи географічна назва, як елемент введення (НП) | 159 Психологія |
| 700 1# - Додаткове введення – ім'я особи | |
| Ім’я особи (НП) | Чорнобровкін В. |
| Термін відношення | ред. |
| 942 ## - Додаткові елементи входу (Коха) | |
| Тип елемента Koha | Книги |
| Source of classification or shelving scheme | Universal Decimal Classification |
| 955 ## - Код типу видання за змістом | |
| Код типу видання за змістом (НП) | Наукові видання |
| Стан вилучень | Стан втрат | Джерело класифікації або схеми стелажів | Стан уражень | Не для кредиту | Код колекції | Постійне місце розташування | Поточне розміщення | Дата придбання | Джерело придбання | Вартість, звичайна ціна покупки | Усього замовленно | Повний номер виклику | Штрих-код | Дата останнього перегляду | Вартість, ціна заміни | Ціна ефективна від | Тип елемента Koha |
|---|---|---|---|---|---|---|---|---|---|---|---|---|---|---|---|---|---|
| Universal Decimal Classification | Колекція Колоса М.І. | ЧЗ - Читальна зала | ЧЗ - Читальна зала | 03/08/2021 | №22/03.08.21 | 25.00 | 159.9(082) П86 | 163686 | 11/02/2022 | 25.00 | 03/08/2021 | Книги |